|
|
|
|
| LEADER |
00630cam a2200181 7i4500 |
| 001 |
0000000462 |
| 005 |
20171109090000.0 |
| 020 |
|
|
|a 0074638130 (pbk.)
|
| 090 |
0 |
0 |
|a QC523
|b .P86 2000
|
| 100 |
1 |
|
|a Punagin, R P
|
| 245 |
1 |
0 |
|a Basic electronics
|c R P Punagin.
|
| 260 |
|
|
|a New Delhi:
|b Tata McGraw-Hill Publishing Company Limited,
|c 2000.
|
| 300 |
|
|
|a xi, 343 p.:
|b ill.;
|c 23 cm.
|
| 500 |
|
|
|a Includes index
|
| 650 |
0 |
0 |
|a Electronics
|
| 997 |
|
|
|a Engineering & Life Sciences, Faculty
|b Engineering, Department
|
| 999 |
|
|
|a 0000001655
|b BOK
|c OPEN SHELF
|e 2nd Floor, Bestari Jaya
|
| 999 |
|
|
|a 0000007843
|b BOK
|c OPEN SHELF
|e 1st Floor, Bestari Jaya
|